|
|
|
|
| LEADER |
00960nam a22001931a 4500 |
| 020 |
|
|
|a 9788170840864
|
| 082 |
|
|
|a S 294.592 4
|b VASS
|
| 245 |
|
|
|a Srimadbhagavadgita/
|c by Vasudev Laxman Shastri Pansikar (ed.)
|
| 260 |
|
|
|a Delhi:
|b Chaukhamba Sanskrit Pratishthan,
|c 2016.
|
| 300 |
|
|
|a 8+776+160+6+4p.
|
| 650 |
|
|
|a Bhagavad Gita
|9 183352
|
| 650 |
|
|
|a Hinduism
|9 183353
|
| 650 |
|
|
|a Religion
|9 183354
|
| 700 |
|
|
|a Vasudev Laxman Shastri Pansikar (ed.)
|9 183355
|
| 942 |
|
|
|c BK
|
| 999 |
|
|
|c 143564
|d 143564
|
| 952 |
|
|
|0 0
|1 0
|4 0
|6 S_294_592000000000000_4_VASS
|7 0
|9 100041
|a SSUS
|b SSUS
|c STACKS
|d 2019-10-26
|g 1500.00
|o S 294.592 4 VASS
|p 097067
|r 2019-10-26
|w 2019-10-26
|y BK
|
| 952 |
|
|
|0 0
|1 0
|4 0
|6 S_294_592000000000000_4_VASS
|7 0
|9 100042
|a SSUS
|b SSUS
|c STACKS
|d 2019-10-26
|g 1500.00
|o S 294.592 4 VASS
|p 097068
|r 2019-10-26
|w 2019-10-26
|y BK
|
| 952 |
|
|
|0 0
|1 0
|4 0
|6 S_294_592000000000000_4_VASS
|7 0
|9 100043
|a SSUS
|b SSUS
|c STACKS
|d 2019-10-26
|g 1500.00
|o S 294.592 4 VASS
|p 097069
|r 2019-10-26
|w 2019-10-26
|y BK
|